Creative methods for human geographers (Record no. 396895)

MARC details
000 -LEADER
fixed length control field 00634 a2200229 4500
005 - DATE & TIME
control field 20260414105657.0
008 - FIXED-LENGTH DATA ELEMENTS--GENERAL INFORMATION
fixed length control field 260413b |||||||| |||| 00| 0 eng d
020 ## - ISBN
International Standard Book Number 9781526496973
Price $ 40.24
040 ## - CATALOGING SOURCE
Original cataloging agency VIVEKANANDA LIBRARY
082 ## - DDC NUMBER
Classification number 910.72
Book Number B449C
100 ## - MAIN ENTRY--PERSONAL NAME
Personal name Benzon, Nadia Van, ed.
245 ## - TITLE STATEMENT
Title Creative methods for human geographers
260 ## - PUBLICATION, DISTRIBUTION, ETC. (IMPRINT)
Name of publisher, distributor, etc Sage Publications
Place of publication, distribution, etc London
Date of publication, distribution, etc 2021
300 ## - PHYSICAL DESCRIPTION
Pages xix, 412
650 ## - Subject
Subject Geography
650 ## - Subject
Subject Research Methods- Geography
650 ## - Subject
Subject Human Geography
700 ## - Added Entry Personal Name
Added Entry Personal Name Holtan, Mark, ed.
700 ## - Added Entry Personal Name
Added Entry Personal Name Wilkinson, Catherine, ed.
700 ## - Added Entry Personal Name
Added Entry Personal Name Wilkinson, Samantha, ed.
942 ## - ADDED ENTRY ELEMENTS (KOHA)
Koha item type Books
Holdings
Withdrawn status Lost status Source of classification or shelving scheme Damaged status Not for loan Location (home branch) Sublocation or collection (holding branch) Shelving location Date acquired Koha issues (times borrowed) Koha full call number Accession No. Koha date last seen Koha item type
    Dewey Decimal Classification     VIVEKANANDA LIBRARY VIVEKANANDA LIBRARY Geography Department 24/03/2026   910.72 B449C 438885 24/03/2026 Books
© Designed and Maintained by Vivekananda Library, MDU Rohtak